[Event "MP do 16 lat - chlopcy"]
[Site "Sypniewo"]
[Date "2022.03.20"]
[Round "2.24"]
[White "Karut, Kacper"]
[Black "Bochenek, Ryszard"]
[Result "1/2-1/2"]
[BlackElo "1530"]
[WhiteElo "1763"]
[LiveChessVersion "1.4.8"]

1. d4 {[%clk 1:30:47]} Nf6 2. c4 {[%clk 1:31:08]} e5 {[%clk 1:31:12]} 3. e3
{[%clk 1:10:00]} exd4 {[%clk 1:27:54]} 4. exd4 {[%clk 1:08:27]} Bb4+
{[%clk 1:27:37]} 5. Bd2 {[%clk 1:03:51]} Bxd2+ {[%clk 1:26:56]} 6. Qxd2
{[%clk 1:02:44]} d5 {[%clk 1:20:47]} 7. Nc3 {[%clk 1:01:08]} Be6 {[%clk 1:19:17]}
8. c5 {[%clk 0:58:23]} O-O {[%clk 1:16:45]} 9. Bd3 {[%clk 0:53:41]} b6
{[%clk 1:08:25]} 10. cxb6 {[%clk 0:43:09]} axb6 {[%clk 1:08:35]} 11. Nf3
{[%clk 0:41:35]} c5 {[%clk 1:03:39]} 12. O-O {[%clk 0:40:56]} Nc6
{[%clk 0:57:47]} 13. Bb5 {[%clk 0:38:01]} Na7 {[%clk 0:52:09]} 14. a4
{[%clk 0:31:07]} Nxb5 {[%clk 0:50:02]} 15. Nxb5 {[%clk 0:26:54]} Bd7
{[%clk 0:45:33]} 16. Ne5 {[%clk 0:21:31]} Ne4 {[%clk 0:42:25]} 17. Qf4
{[%clk 0:18:45]} Be8 {[%clk 0:37:00]} 18. f3 {[%clk 0:15:14]} Nd6
{[%clk 0:26:21]} 19. Nc3 {[%clk 0:15:16]} f6 {[%clk 0:24:36]} 20. Nd3
{[%clk 0:14:10]} g5 {[%clk 0:21:09]} 21. Qe3 {[%clk 0:11:44]} Nc4
{[%clk 0:21:11]} 22. Qf2 {[%clk 0:11:15]} Bg6 {[%clk 0:20:05]} 23. Rfd1
{[%clk 0:10:18]} Re8 {[%clk 0:17:31]} 24. dxc5 {[%clk 0:08:54]} Ne3
{[%clk 0:11:37]} 25. Nb4 {[%clk 0:07:06]} d4 {[%clk 0:08:50]} 26. cxb6
{[%clk 0:04:43]} Qd6 {[%clk 0:05:26]} 27. Nba2 {[%clk 0:00:33]} Qxb6
{[%clk 0:05:15]} 28. Nb5 {[%clk 0:00:31]} Nxd1 {[%clk 0:05:09]} 29. Rxd1
{[%clk 0:00:58]} Rxa4 {[%clk 0:05:26]} 30. b3 {[%clk 0:00:32]} Rxa2
{[%clk 0:04:35]} 31. Qxa2 {[%clk 0:00:57]} Qxb5 {[%clk 0:04:59]} 32. Rxd4
{[%clk 0:00:57]} Qb6 {[%clk 0:05:23]} 33. b4+ {[%clk 0:01:09]} Bf7
{[%clk 0:05:36]} 34. Qf2 {[%clk 0:01:36]} Re1+ {[%clk 0:05:51]} 35. Qxe1
{[%clk 0:02:03]} Qxd4+ {[%clk 0:06:18]} 36. Kh1 {[%clk 0:02:31]} Kg7
{[%clk 0:06:11]} 37. h3 {[%clk 0:02:55]} Qd6 {[%clk 0:04:58]} 38. Qc3
{[%clk 0:02:17]} Kf8 {[%clk 0:04:46]} 39. Qc8+ {[%clk 0:02:02]} Be8
{[%clk 0:03:34]} 40. Qc4 {[%clk 0:32:07]} Ke7 {[%clk 0:33:38]} 41. Qe4+
{[%clk 0:32:06]} Kf8 {[%clk 0:30:01]} 42. Qf5 {[%clk 0:23:24]} Kg7
{[%clk 0:29:37]} 43. Qa5 {[%clk 0:20:11]} Qd1+ {[%clk 0:28:30]} 44. Kh2
{[%clk 0:20:33]} Qe1 {[%clk 0:28:53]} 45. Qc7+ {[%clk 0:19:34]} Kh6
{[%clk 0:26:42]} 46. Qb6 {[%clk 0:17:51]} Qe5+ {[%clk 0:27:00]} 47. Kh1
{[%clk 0:17:46]} Kg6 {[%clk 0:26:37]} 48. Qd8 {[%clk 0:14:53]} Bf7
{[%clk 0:24:51]} 49. Qb6 {[%clk 0:15:10]} Bc4 {[%clk 0:22:57]} 50. Kg1
{[%clk 0:11:37]} Qe1+ {[%clk 0:20:50]} 51. Kh2 {[%clk 0:12:01]} Bf1
{[%clk 0:20:51]} 52. Qd8 {[%clk 0:06:41]} Qxb4 {[%clk 0:18:11]} 53. Qe8+
{[%clk 0:04:57]} Kh6 {[%clk 0:18:28]} 54. Qe6 {[%clk 0:03:50]} Qf4+
{[%clk 0:17:37]} 55. Kg1 {[%clk 0:04:07]} Bd3 {[%clk 0:17:54]} 56. Qe7
{[%clk 0:03:10]} Qe5 {[%clk 0:16:41]} 57. Qf8+ {[%clk 0:03:06]} Kh5 58. Kf2
{[%clk 0:02:34]} Qe2+ {[%clk 0:15:44]} 59. Kg1 {[%clk 0:02:14]} Qe3+
{[%clk 0:16:11]} 60. Kh2 {[%clk 0:01:45]} Qe5+ {[%clk 0:16:32]} 61. Kg1
{[%clk 0:02:02]} Kh4 {[%clk 0:16:11]} 62. Qb4+ {[%clk 0:01:28]} Kh5
{[%clk 0:14:14]} 63. Qf8 {[%clk 0:01:26]} Qf4 {[%clk 0:14:08]} 64. Kf2
{[%clk 0:01:04]} Qd4+ {[%clk 0:14:33]} 65. Kg3 {[%clk 0:01:19]} Qh4+
{[%clk 0:14:00]} 66. Kh2 {[%clk 0:01:39]} Qf4+ {[%clk 0:14:22]} 67. Kg1
{[%clk 0:01:17]} Kh4 {[%clk 0:13:59]} 68. Qe7 {[%clk 0:01:29]} Qe5
{[%clk 0:13:34]} 69. Qb4+ {[%clk 0:01:52]} Kh5 {[%clk 0:13:12]} 70. Qf8
{[%clk 0:01:38]} 1/2-1/2

[Event "MP do 16 lat - chlopcy"]
[Site "Sypniewo"]
[Date "2022.03.20"]
[Round "2.25"]
[White "Bajer, Tomasz"]
[Black "Wydmanski, Szymon"]
[Result "1-0"]
[BlackElo "1756"]
[WhiteElo "1460"]
[LiveChessVersion "1.4.8"]

1. Nf3 {[%clk 1:30:59]} c5 {[%clk 1:30:45]} 2. g3 {[%clk 1:31:14]} g6
{[%clk 1:30:39]} 3. Bg2 {[%clk 1:31:01]} Bg7 {[%clk 1:30:57]} 4. O-O
{[%clk 1:31:12]} Nc6 {[%clk 1:31:04]} 5. d3 {[%clk 1:31:01]} e5 {[%clk 1:30:13]}
6. c4 {[%clk 1:28:04]} Nge7 7. Nc3 {[%clk 1:23:55]} O-O {[%clk 1:29:05]} 8. Ne1
{[%clk 1:17:30]} a6 {[%clk 1:21:55]} 9. Nc2 {[%clk 1:14:56]} Rb8 {[%clk 1:18:58]}
10. Rb1 {[%clk 1:12:28]} b5 {[%clk 1:04:12]} 11. Ne3 {[%clk 1:05:47]} Kh8
{[%clk 0:54:02]} 12. Bd2 {[%clk 0:51:46]} b4 {[%clk 0:46:55]} 13. Ncd5
{[%clk 0:48:46]} f5 {[%clk 0:42:18]} 14. f4 {[%clk 0:42:24]} Bb7 {[%clk 0:35:32]}
15. a3 {[%clk 0:33:15]} a5 {[%clk 0:30:45]} 16. Qc2 {[%clk 0:26:37]} Re8
{[%clk 0:27:09]} 17. Nxe7 {[%clk 0:22:31]} Nxe7 {[%clk 0:26:51]} 18. Nd5
{[%clk 0:20:51]} Nxd5 {[%clk 0:15:35]} 19. cxd5 {[%clk 0:20:24]} Qb6
{[%clk 0:15:37]} 20. Kh1 {[%clk 0:18:32]} Qd6 {[%clk 0:15:08]} 21. e4
{[%clk 0:18:16]} Ba6 {[%clk 0:10:53]} 22. Rbd1 {[%clk 0:12:14]} fxe4
{[%clk 0:08:46]} 23. Bxe4 {[%clk 0:11:56]} Rbc8 {[%clk 0:04:43]} 24. axb4
{[%clk 0:09:29]} axb4 {[%clk 0:03:39]} 25. b3 {[%clk 0:09:45]} Bb7
{[%clk 0:01:21]} 26. Qc4 {[%clk 0:08:22]} Ba6 {[%clk 0:01:41]} 27. Qc2
{[%clk 0:08:46]} Bb7 {[%clk 0:02:09]} 28. Qc4 {[%clk 0:09:06]} Ra8
{[%clk 0:02:32]} 29. Be3 {[%clk 0:07:56]} Rec8 {[%clk 0:01:49]} 30. f5
{[%clk 0:05:57]} Ra2 {[%clk 0:01:04]} 31. fxg6 {[%clk 0:05:07]} Re2
{[%clk 0:00:34]} 32. Rde1 {[%clk 0:04:31]} Rxe1 {[%clk 0:00:53]} 33. Rxe1
{[%clk 0:04:55]} hxg6 {[%clk 0:01:07]} 34. Rc1 {[%clk 0:04:38]} Qf8
{[%clk 0:00:49]} 35. Kg2 {[%clk 0:03:33]} d6 {[%clk 0:00:43]} 36. Bxg6
{[%clk 0:03:21]} Qf6 {[%clk 0:00:36]} 37. Qg4 {[%clk 0:01:44]} Bxd5+
{[%clk 0:00:51]} 38. Kg1 {[%clk 0:02:04]} Ra8 {[%clk 0:00:32]} 39. Rf1
{[%clk 0:02:03]} Qxf1+ {[%clk 0:00:34]} 40. Kxf1 {[%clk 0:32:29]} Ra1+
{[%clk 0:30:37]} 41. Ke2 {[%clk 0:32:55]} Ra2+ {[%clk 0:23:26]} 42. Ke1
{[%clk 0:31:47]} Ra1+ {[%clk 0:18:55]} 43. Kd2 {[%clk 0:29:05]} Ra2+
{[%clk 0:18:35]} 44. Kc1 {[%clk 0:29:03]} Ra1+ {[%clk 0:18:20]} 45. Kb2
{[%clk 0:28:42]} e4+ {[%clk 0:18:08]} 46. d4 {[%clk 0:29:02]} Ra8
{[%clk 0:17:22]} 47. Qh5+ {[%clk 0:28:50]} Kg8 {[%clk 0:17:49]} 48. Qxd5+
{[%clk 0:29:13]} 1-0

[Event "MP do 16 lat - chlopcy"]
[Site "Sypniewo"]
[Date "2022.03.20"]
[Round "2.26"]
[White "Wilk, Igor"]
[Black "Garwacki, Kornel"]
[Result "1-0"]
[BlackElo "1512"]
[WhiteElo "1753"]
[LiveChessVersion "1.4.8"]

1. d4 {[%clk 1:30:57]} Nf6 {[%clk 1:30:59]} 2. c4 {[%clk 1:31:19]} g6
{[%clk 1:31:24]} 3. Nc3 {[%clk 1:31:46]} Bg7 {[%clk 1:31:48]} 4. e4
{[%clk 1:32:10]} d6 {[%clk 1:32:15]} 5. Bd3 {[%clk 1:32:36]} O-O {[%clk 1:32:36]}
6. Nge2 {[%clk 1:33:04]} Nc6 {[%clk 1:32:42]} 7. O-O {[%clk 1:33:21]} e5
{[%clk 1:33:03]} 8. d5 {[%clk 1:33:41]} Ne7 {[%clk 1:31:16]} 9. f3
{[%clk 1:31:39]} Nd7 {[%clk 1:31:14]} 10. Be3 {[%clk 1:30:41]} f5
{[%clk 1:30:35]} 11. exf5 {[%clk 1:30:44]} gxf5 {[%clk 1:29:59]} 12. Qd2
{[%clk 1:29:04]} Qe8 {[%clk 1:22:05]} 13. Kh1 {[%clk 1:26:11]} Nf6
{[%clk 1:17:37]} 14. Rg1 {[%clk 1:11:52]} c6 {[%clk 1:10:46]} 15. Bg5
{[%clk 0:58:42]} cxd5 {[%clk 1:05:18]} 16. cxd5 {[%clk 0:58:57]} Bd7
{[%clk 1:04:18]} 17. Bxf6 {[%clk 0:56:03]} Rxf6 {[%clk 1:03:53]} 18. g4
{[%clk 0:56:26]} Kh8 {[%clk 0:57:57]} 19. Rg2 {[%clk 0:47:04]} e4
{[%clk 0:51:11]} 20. fxe4 {[%clk 0:44:09]} fxg4 {[%clk 0:51:28]} 21. Ng3
{[%clk 0:42:25]} Qf7 {[%clk 0:45:52]} 22. Bb5 {[%clk 0:39:01]} Bh6
{[%clk 0:37:18]} 23. Qd4 {[%clk 0:37:51]} Bxb5 {[%clk 0:36:16]} 24. Nxb5
{[%clk 0:37:36]} Bf4 {[%clk 0:36:04]} 25. Qd3 {[%clk 0:34:47]} h5
{[%clk 0:33:09]} 26. Nd4 {[%clk 0:32:52]} Ng6 {[%clk 0:30:39]} 27. Ngf5
{[%clk 0:31:42]} Be5 {[%clk 0:28:29]} 28. Rc2 {[%clk 0:28:41]} Nf4
{[%clk 0:27:10]} 29. Qe3 {[%clk 0:28:42]} Re8 {[%clk 0:20:38]} 30. Rf1
{[%clk 0:25:48]} Nxd5 {[%clk 0:19:11]} 31. exd5 {[%clk 0:25:54]} Qxd5+
{[%clk 0:19:38]} 32. Rg2 {[%clk 0:26:16]} Rg8 {[%clk 0:11:45]} 33. Ne2
{[%clk 0:21:39]} h4 {[%clk 0:10:03]} 34. Nc3 {[%clk 0:21:45]} Qf7
{[%clk 0:09:02]} 35. Ne4 {[%clk 0:21:45]} Rfg6 {[%clk 0:06:44]} 36. Qd3
{[%clk 0:16:58]} Rf8 {[%clk 0:06:00]} 37. Ne3 {[%clk 0:16:56]} Qe8
{[%clk 0:05:01]} 38. Rxf8+ {[%clk 0:17:05]} Qxf8 {[%clk 0:05:30]} 39. Nxg4
{[%clk 0:17:02]} Qf4 {[%clk 0:03:59]} 40. Qc4 {[%clk 0:44:17]} h3
{[%clk 0:32:51]} 41. Rg3 {[%clk 0:43:55]} d5 {[%clk 0:26:04]} 42. Qc8+
{[%clk 0:43:04]} Kg7 {[%clk 0:24:42]} 43. Qd7+ {[%clk 0:43:24]} Kf8
{[%clk 0:24:20]} 44. Qd8+ {[%clk 0:43:51]} Kf7 {[%clk 0:23:25]} 45. Qxd5+
{[%clk 0:44:01]} Kf8 {[%clk 0:23:26]} 46. Qd8+ {[%clk 0:44:25]} Kf7
{[%clk 0:23:21]} 47. Qd7+ {[%clk 0:43:46]} Kf8 {[%clk 0:23:24]} 48. Qd8+
{[%clk 0:43:29]} Kf7 {[%clk 0:23:53]} 49. Nxe5+ {[%clk 0:43:46]} Qxe5
{[%clk 0:24:04]} 50. Qd7+ {[%clk 0:44:05]} Kf8 {[%clk 0:24:07]} 51. Rf3+
{[%clk 0:44:29]} Kg8 {[%clk 0:23:48]} 52. Qf7+ {[%clk 0:44:53]} Kh8
{[%clk 0:24:11]} 53. Rxh3+ {[%clk 0:45:19]} 1-0

[Event "MP do 16 lat - chlopcy"]
[Site "Sypniewo"]
[Date "2022.03.21"]
[Round "3.1"]
[White "Janeczko, Jakub"]
[Black "Klimkowski, Jan"]
[Result "0-1"]
[BlackElo "2350"]
[WhiteElo "2053"]
[LiveChessVersion "1.4.8"]

1. e4 {[%clk 1:30:10]} e5 {[%clk 1:30:56]} 2. Bc4 {[%clk 1:26:10]} Nf6
{[%clk 1:30:42]} 3. Qf3 {[%clk 1:24:14]} Nc6 {[%clk 1:27:03]} 4. Ne2
{[%clk 1:24:33]} Bc5 {[%clk 1:27:20]} 5. d3 {[%clk 1:17:21]} h6 {[%clk 1:20:53]}
6. h3 {[%clk 1:12:36]} O-O {[%clk 1:18:05]} 7. g4 {[%clk 1:08:17]} d5
{[%clk 1:14:22]} 8. Bb3 {[%clk 0:49:38]} dxe4 {[%clk 1:07:39]} 9. dxe4
{[%clk 0:50:00]} Nd4 {[%clk 1:00:11]} 10. Nxd4 {[%clk 0:50:08]} Qxd4
{[%clk 0:58:22]} 11. Nc3 {[%clk 0:41:27]} Bb4 {[%clk 0:54:01]} 12. O-O
{[%clk 0:41:43]} Bxc3 {[%clk 0:45:16]} 13. bxc3 {[%clk 0:42:02]} Qd6
{[%clk 0:43:06]} 14. Rd1 {[%clk 0:26:15]} Qc6 {[%clk 0:43:31]} 15. Bd5
{[%clk 0:19:49]} Nxd5 {[%clk 0:42:51]} 16. exd5 {[%clk 0:17:03]} Qg6
{[%clk 0:41:01]} 17. Ba3 {[%clk 0:17:00]} Re8 {[%clk 0:40:37]} 18. d6
{[%clk 0:13:30]} cxd6 {[%clk 0:40:53]} 19. Bxd6 {[%clk 0:10:57]} h5
{[%clk 0:40:03]} 20. Qg3 {[%clk 0:10:32]} f6 {[%clk 0:36:56]} 21. gxh5
{[%clk 0:09:13]} Qxh5 {[%clk 0:36:39]} 22. Kh2 {[%clk 0:07:56]} Bf5
{[%clk 0:36:20]} 23. Rab1 {[%clk 0:07:40]} b6 {[%clk 0:35:57]} 24. Rg1
{[%clk 0:07:43]} g5 {[%clk 0:35:24]} 25. c4 {[%clk 0:05:53]} Kf7 {[%clk 0:32:25]}
26. Qe3 {[%clk 0:04:17]} Bxc2 {[%clk 0:27:46]} 27. Rb2 {[%clk 0:04:30]} Bf5
{[%clk 0:27:31]} 28. c5 {[%clk 0:04:52]} Rad8 {[%clk 0:26:16]} 29. Rb3
{[%clk 0:04:39]} Be6 {[%clk 0:25:10]} 30. Ra3 {[%clk 0:05:04]} Rd7
{[%clk 0:25:30]} 31. Qe4 {[%clk 0:03:21]} Rc8 {[%clk 0:24:04]} 32. Rf3
{[%clk 0:00:58]} g4 {[%clk 0:22:54]} 33. Rd3 {[%clk 0:00:38]} bxc5
{[%clk 0:22:42]} 34. Rgg3 {[%clk 0:00:33]} c4 {[%clk 0:22:27]} 35. Rd5
{[%clk 0:00:35]} Rcd8 {[%clk 0:20:44]} 36. Ra3 {[%clk 0:00:32]} Rxd6
{[%clk 0:17:48]} 37. Rxa7+ {[%clk 0:00:51]} R6d7 {[%clk 0:17:50]} 0-1

[Event "MP do 16 lat - chlopcy"]
[Site "Sypniewo"]
[Date "2022.03.21"]
[Round "3.2"]
[White "Kejna, Piotr"]
[Black "Malek, Jan"]
[Result "0-1"]
[BlackElo "2230"]
[WhiteElo "2037"]
[LiveChessVersion "1.4.8"]

1. e4 {[%clk 1:30:59]} c5 {[%clk 1:30:54]} 2. Nf3 {[%clk 1:31:17]} Nc6
{[%clk 1:31:18]} 3. d4 {[%clk 1:31:36]} cxd4 {[%clk 1:31:42]} 4. Nxd4
{[%clk 1:31:50]} g6 {[%clk 1:32:05]} 5. Nc3 {[%clk 1:31:44]} Bg7 {[%clk 1:32:29]}
6. Be3 {[%clk 1:31:52]} Nf6 {[%clk 1:32:54]} 7. Bc4 {[%clk 1:32:12]} O-O
{[%clk 1:33:18]} 8. Bb3 {[%clk 1:32:14]} Re8 {[%clk 1:33:43]} 9. h4
{[%clk 1:28:48]} d5 {[%clk 1:34:08]} 10. exd5 {[%clk 1:12:54]} Na5
{[%clk 1:34:32]} 11. Qd2 {[%clk 1:05:43]} Nxb3 {[%clk 1:34:56]} 12. Nxb3
{[%clk 1:06:01]} b5 {[%clk 1:35:22]} 13. Nxb5 {[%clk 1:00:06]} Qxd5
{[%clk 1:28:20]} 14. Nc7 {[%clk 0:53:03]} Qxg2 {[%clk 1:28:42]} 15. O-O-O
{[%clk 0:52:59]} Bg4 {[%clk 1:29:09]} 16. Rhg1 {[%clk 0:40:21]} Qc6
{[%clk 1:26:13]} 17. Nxe8 {[%clk 0:38:39]} Rxe8 {[%clk 1:22:48]} 18. Rxg4
{[%clk 0:37:44]} Nxg4 {[%clk 1:23:09]} 19. Qd7 {[%clk 0:37:07]} Qxd7
{[%clk 1:12:35]} 20. Rxd7 {[%clk 0:37:36]} Nxe3 {[%clk 1:12:25]} 21. fxe3
{[%clk 0:36:12]} a6 {[%clk 1:09:10]} 22. c4 {[%clk 0:33:08]} Rc8 {[%clk 1:08:44]}
23. Na5 {[%clk 0:32:52]} Bf6 {[%clk 1:08:20]} 24. b4 {[%clk 0:31:15]} Bxh4
{[%clk 1:06:46]} 25. Kd2 {[%clk 0:26:38]} h5 {[%clk 1:04:38]} 26. a4
{[%clk 0:17:10]} Bg3 27. c5 h4 {[%clk 0:53:21]} 28. Ke2 {[%clk 0:16:57]} h3
{[%clk 0:53:35]} 29. Kf3 {[%clk 0:15:04]} Be1 {[%clk 0:53:43]} 30. b5
{[%clk 0:03:49]} Bxa5 {[%clk 0:52:00]} 31. bxa6 {[%clk 0:03:49]} Kg7
{[%clk 0:51:13]} 32. Kg3 {[%clk 0:02:36]} Rxc5 {[%clk 0:51:10]} 33. Rxe7
{[%clk 0:02:22]} Be1+ {[%clk 0:51:08]} 34. Kxh3 {[%clk 0:02:43]} Ra5
{[%clk 0:51:32]} 35. a7 {[%clk 0:02:51]} Rxa4 {[%clk 0:51:46]} 36. e4
{[%clk 0:02:44]} Bf2 {[%clk 0:52:09]} 0-1

[Event "MP do 16 lat - chlopcy"]
[Site "Sypniewo"]
[Date "2022.03.21"]
[Round "3.3"]
[White "Ciszewski, Krzysztof"]
[Black "Wojdak, Jan"]
[Result "0-1"]
[BlackElo "2143"]
[WhiteElo "1939"]
[LiveChessVersion "1.4.8"]

1. d4 {[%clk 1:30:57]} Nf6 {[%clk 1:30:53]} 2. c4 {[%clk 1:31:22]} g6
{[%clk 1:31:16]} 3. Nc3 {[%clk 1:31:45]} d5 {[%clk 1:31:36]} 4. cxd5
{[%clk 1:32:10]} Nxd5 {[%clk 1:31:59]} 5. e4 {[%clk 1:32:32]} Nxc3
{[%clk 1:32:22]} 6. bxc3 {[%clk 1:32:59]} Bg7 {[%clk 1:32:43]} 7. Bc4
{[%clk 1:32:59]} c5 {[%clk 1:33:04]} 8. Ne2 {[%clk 1:32:51]} Nc6 {[%clk 1:33:26]}
9. Be3 {[%clk 1:32:44]} O-O {[%clk 1:33:43]} 10. O-O {[%clk 1:29:04]} b6
{[%clk 1:33:55]} 11. Rc1 {[%clk 1:11:06]} Bb7 {[%clk 1:33:56]} 12. Qd2
{[%clk 1:08:02]} Rc8 {[%clk 1:33:09]} 13. Rfd1 {[%clk 1:06:27]} e6
{[%clk 1:32:21]} 14. f3 {[%clk 1:04:08]} Na5 {[%clk 1:32:07]} 15. Bd3
{[%clk 1:04:10]} cxd4 {[%clk 1:32:18]} 16. cxd4 {[%clk 1:04:10]} Qd7
{[%clk 1:32:36]} 17. e5 {[%clk 0:52:40]} Rxc1 {[%clk 1:26:45]} 18. Rxc1
{[%clk 0:52:58]} Rc8 {[%clk 1:27:12]} 19. Nc3 {[%clk 0:42:45]} Nc4
{[%clk 1:01:04]} 20. Bxc4 {[%clk 0:41:07]} Rxc4 {[%clk 0:59:40]} 21. Ne4
{[%clk 0:37:51]} Rxc1+ {[%clk 0:59:41]} 22. Qxc1 {[%clk 0:38:16]} Qc8
{[%clk 0:59:20]} 23. Qa3 {[%clk 0:29:28]} Bxe4 {[%clk 0:46:18]} 24. fxe4
{[%clk 0:29:52]} Qc2 {[%clk 0:45:01]} 25. Qc1 {[%clk 0:22:27]} Qxe4
{[%clk 0:43:43]} 26. Qc8+ {[%clk 0:21:20]} Bf8 {[%clk 0:44:08]} 27. Kf2
{[%clk 0:21:22]} a5 {[%clk 0:28:51]} 28. Qd8 {[%clk 0:19:48]} Qc2+
{[%clk 0:28:01]} 29. Kf3 {[%clk 0:20:08]} Qxa2 {[%clk 0:28:05]} 30. Qxb6
{[%clk 0:20:29]} Qd5+ {[%clk 0:15:55]} 31. Kg3 {[%clk 0:20:18]} Qa8
{[%clk 0:16:15]} 32. Bd2 {[%clk 0:18:49]} a4 {[%clk 0:16:39]} 33. Qa5
{[%clk 0:18:47]} Qe4 {[%clk 0:10:17]} 34. Qc3 {[%clk 0:16:44]} a3
{[%clk 0:10:37]} 35. h3 {[%clk 0:15:02]} Qa8 {[%clk 0:06:53]} 36. Bc1
{[%clk 0:13:57]} a2 {[%clk 0:04:30]} 37. Bb2 {[%clk 0:14:11]} h5 {[%clk 0:04:46]}
38. Ba1 {[%clk 0:14:02]} Bh6 {[%clk 0:04:24]} 39. Qd3 {[%clk 0:12:11]} Qb7
{[%clk 0:04:31]} 40. Qc2 {[%clk 0:38:48]} Qb1 {[%clk 0:33:11]} 41. Qc3
{[%clk 0:38:42]} h4+ {[%clk 0:28:13]} 42. Kf2 {[%clk 0:37:41]} Bd2
{[%clk 0:27:26]} 43. Qxd2 {[%clk 0:36:33]} Qxa1 {[%clk 0:27:51]} 44. d5
{[%clk 0:36:20]} Qb1 {[%clk 0:23:43]} 45. dxe6 {[%clk 0:36:30]} Qf5+
{[%clk 0:24:00]} 46. Ke2 {[%clk 0:36:47]} Qxe5+ {[%clk 0:24:17]} 0-1

[Event "MP do 16 lat - chlopcy"]
[Site "Sypniewo"]
[Date "2022.03.21"]
[Round "3.4"]
[White "Karolczuk, Iwo"]
[Black "Wnek, Filip"]
[Result "1-0"]
[BlackElo "2033"]
[WhiteElo "2328"]
[LiveChessVersion "1.4.8"]

1. Nf3 {[%clk 1:30:51]} Nf6 {[%clk 1:30:35]} 2. g3 {[%clk 1:30:56]} e6
{[%clk 1:30:53]} 3. Bg2 {[%clk 1:31:14]} c5 {[%clk 1:30:43]} 4. O-O
{[%clk 1:31:06]} Be7 {[%clk 1:31:01]} 5. c4 {[%clk 1:30:23]} O-O {[%clk 1:31:06]}
6. b3 {[%clk 1:28:44]} d5 {[%clk 1:28:51]} 7. Bb2 {[%clk 1:26:56]} Nc6
{[%clk 1:28:32]} 8. cxd5 {[%clk 1:24:25]} Nxd5 {[%clk 1:24:30]} 9. Nc3
{[%clk 1:23:04]} Nxc3 {[%clk 1:17:47]} 10. Bxc3 {[%clk 1:23:26]} Nd4
{[%clk 1:16:57]} 11. e3 {[%clk 1:10:22]} Nxf3+ {[%clk 1:10:30]} 12. Qxf3
{[%clk 1:10:40]} Rb8 {[%clk 1:07:56]} 13. Qf4 {[%clk 0:57:58]} Bd6
{[%clk 0:52:54]} 14. Be5 {[%clk 0:54:31]} g5 {[%clk 0:52:25]} 15. Qf6
{[%clk 0:54:36]} Qxf6 {[%clk 0:52:44]} 16. Bxf6 {[%clk 0:55:02]} h6
{[%clk 0:53:03]} 17. f4 {[%clk 0:47:54]} g4 {[%clk 0:51:44]} 18. Kf2
{[%clk 0:46:05]} Re8 {[%clk 0:48:38]} 19. h3 {[%clk 0:39:25]} gxh3
{[%clk 0:43:36]} 20. Rh1 {[%clk 0:32:53]} e5 {[%clk 0:40:52]} 21. Bxh3
{[%clk 0:33:03]} Kh7 {[%clk 0:40:45]} 22. Bxc8 {[%clk 0:27:21]} Rbxc8
{[%clk 0:40:41]} 23. Rxh6+ {[%clk 0:25:16]} Kxh6 {[%clk 0:40:35]} 24. f5
{[%clk 0:25:29]} Kh5 {[%clk 0:41:04]} 25. Rh1+ {[%clk 0:25:02]} Kg4
{[%clk 0:41:28]} 26. e4 {[%clk 0:25:28]} Rh8 {[%clk 0:41:39]} 27. Bxh8
{[%clk 0:25:49]} Kg5 {[%clk 0:42:07]} 28. Kf3 {[%clk 0:25:12]} Bf8
{[%clk 0:35:51]} 29. g4 {[%clk 0:25:31]} Bh6 {[%clk 0:36:09]} 30. Rh5#
{[%clk 0:25:23]} 1-0

[Event "MP do 16 lat - chlopcy"]
[Site "Sypniewo"]
[Date "2022.03.21"]
[Round "3.5"]
[White "Chyzy, Jakub"]
[Black "Madej, Marek"]
[Result "1/2-1/2"]
[BlackElo "2017"]
[WhiteElo "2227"]
[LiveChessVersion "1.4.8"]

1. e4 {[%clk 1:30:58]} e5 {[%clk 1:30:49]} 2. Nf3 {[%clk 1:31:17]} Nc6
{[%clk 1:31:15]} 3. d4 {[%clk 1:31:43]} exd4 {[%clk 1:31:37]} 4. Nxd4
{[%clk 1:32:10]} Bc5 {[%clk 1:31:51]} 5. Nb3 {[%clk 1:31:40]} Bb6
{[%clk 1:32:20]} 6. Nc3 {[%clk 1:31:52]} Nf6 {[%clk 1:32:45]} 7. Bg5
{[%clk 1:29:18]} h6 {[%clk 1:33:14]} 8. Bh4 {[%clk 1:27:09]} O-O {[%clk 1:33:39]}
9. Bd3 {[%clk 1:24:29]} Re8 {[%clk 1:26:26]} 10. O-O {[%clk 1:23:26]} d6
{[%clk 1:22:55]} 11. Kh1 {[%clk 1:21:07]} Ne5 {[%clk 1:08:03]} 12. f4
{[%clk 1:03:22]} Neg4 {[%clk 1:04:40]} 13. Nd5 {[%clk 0:40:07]} Nxe4
{[%clk 0:56:50]} 14. Qxg4 {[%clk 0:36:12]} Bxg4 {[%clk 0:56:46]} 15. Bxd8
{[%clk 0:36:41]} Raxd8 {[%clk 0:56:55]} 16. Nxb6 {[%clk 0:33:12]} axb6
{[%clk 0:57:24]} 17. a4 {[%clk 0:33:42]} Ra8 {[%clk 0:52:40]} 18. Kg1
{[%clk 0:28:40]} Bd7 {[%clk 0:49:47]} 19. a5 {[%clk 0:27:37]} bxa5
{[%clk 0:50:08]} 20. Nxa5 {[%clk 0:26:51]} b6 {[%clk 0:48:06]} 21. Nb3
{[%clk 0:27:01]} Nf6 {[%clk 0:48:11]} 22. Nd4 {[%clk 0:26:11]} d5
{[%clk 0:42:46]} 23. Nb5 {[%clk 0:21:25]} c5 {[%clk 0:38:59]} 24. Nc7
{[%clk 0:20:10]} Rxa1 {[%clk 0:38:02]} 25. Rxa1 {[%clk 0:20:37]} Rc8
{[%clk 0:37:06]} 26. Ra7 {[%clk 0:13:34]} c4 {[%clk 0:22:50]} 27. Be2
{[%clk 0:14:02]} Kf8 {[%clk 0:21:57]} 28. Nxd5 {[%clk 0:13:59]} Nxd5
{[%clk 0:21:59]} 29. Rxd7 {[%clk 0:14:20]} Nxf4 {[%clk 0:22:11]} 30. Bf3
{[%clk 0:13:43]} Rc5 {[%clk 0:21:32]} 31. Kf2 {[%clk 0:08:24]} g5
{[%clk 0:17:37]} 32. Ke3 {[%clk 0:04:03]} Kg7 {[%clk 0:13:01]} 33. g3
{[%clk 0:03:17]} Ng6 {[%clk 0:11:52]} 34. Bd5 {[%clk 0:02:56]} Ne5
{[%clk 0:11:39]} 35. Rd6 {[%clk 0:03:19]} Rb5 {[%clk 0:10:19]} 36. Kd4
{[%clk 0:01:22]} f6 {[%clk 0:07:42]} 37. b3 {[%clk 0:01:12]} cxb3
{[%clk 0:06:22]} 38. cxb3 {[%clk 0:01:41]} g4 {[%clk 0:06:27]} 39. Rd8
{[%clk 0:00:43]} h5 {[%clk 0:02:01]} 40. Rg8+ {[%clk 0:30:40]} Kh7
{[%clk 0:31:20]} 41. Rd8 {[%clk 0:24:52]} Nf3+ {[%clk 0:17:29]} 42. Ke4
{[%clk 0:23:56]} Nxh2 {[%clk 0:15:53]} 43. Kf5 {[%clk 0:22:59]} Nf1
{[%clk 0:13:27]} 44. Kxf6 {[%clk 0:12:50]} Nxg3 {[%clk 0:12:32]} 45. Bg8+
{[%clk 0:10:58]} Kh6 {[%clk 0:12:54]} 46. Bd5 {[%clk 0:11:16]} Kh7
{[%clk 0:12:39]} 1/2-1/2